000 00219 a2200097 4500
001 6336
100 _aStein, D.K
245 _aCalculus in the first three dimensions
260 _a
_bMcGraw-Hill
_c
090 _c5212
_d5212
942 _aNUST-CAE
_cM
_c31615
999 _c241409
_d241409